Performance of recovered carbon black (rCB) from waste tyres in rubber compound (Record no. 64764)

MARC details
000 -LEADER
fixed length control field 00440nam a2200145Ia 4500
100 ## - MAIN ENTRY--AUTHOR NAME
Personal name Dayang Habibah Abang Ismawi
245 #0 - TITLE STATEMENT
Title Performance of recovered carbon black (rCB) from waste tyres in rubber compound
260 ## - PUBLICATION, DISTRIBUTION, ETC. (IMPRINT)
Name of publisher Rubber Technology Developments
Year of publication 2010
300 ## - PHYSICAL DESCRIPTION
Number of Pages 31-35
650 ## - SUBJECT ADDED ENTRY--TOPICAL TERM
Topical Term Recovered carbon black
650 ## - SUBJECT ADDED ENTRY--TOPICAL TERM
Topical Term Rubber compound
650 ## - SUBJECT ADDED ENTRY--TOPICAL TERM
Topical Term Waste tyre
942 ## - ADDED ENTRY ELEMENTS (KOHA)
Koha item type Journals
Holdings
Withdrawn status Lost status Damaged status Not for loan Home library Current library Date acquired Serial Enumeration / chronology Koha item type
      Journals RRII Library RRII Library 27/05/2011 Volume 10, Issue 2 Journals